[Event "BAN-chT 1st League"]
[Site "Dhaka"]
[Date "2022.03.17"]
[Round "8.2"]
[White "Alekhya, Mukhopadhyay"]
[Black "Hasan, Eunus"]
[Result "1-0"]
[WhiteElo "2010"]
[BlackElo "2083"]
[PlyCount "61"]
[EventDate "2022.03.10"]
[EventType "team-tourn"]
[EventRounds "11"]
[EventCountry "BAN"]
[SourceTitle "EXT 2023"]
[Source "ChessBase"]
[SourceDate "2022.10.05"]
[SourceVersion "1"]
[SourceVersionDate "2022.10.05"]
[SourceQuality "1"]
[WhiteTeam "Dhaka CC"]
[BlackTeam "Sangbadik Shahnoor Khan"]
[WhiteTeamCountry "BAN"]
[BlackTeamCountry "BAN"]

1. e4 c5 2. Nf3 e6 3. d4 cxd4 4. Nxd4 a6 5. Bd3 Nc6 6. Nxc6 dxc6 7. 0-0 e5 8. Nd2 Bc5 9. Nc4 f6 10. Be3 Bxe3 11. Nxe3 Ne7 12. Qh5+ g6 13. Qh6 Be6 14. Rad1 Qc7 15. Bc4 Ng8 16. Qh4 Bxc4 17. Nxc4 b5 18. Nd6+ Kf8 19. f4 exf4 20. Qxf4 Qe7 21. e5 Kg7 22. Kh1 Rf8 23. Qg3 Nh6 24. exf6+ Rxf6 25. Rxf6 Qxf6 26. Ne4 Rd8 27. Re1 Qxb2 28. Qc7+ Nf7 29. Rf1 Qxa2 30. Ng5 Rg8 31. Qe7 1-0

[Event "BAN-chT 1st League"]
[Site "Dhaka"]
[Date "2022.03.16"]
[Round "7.2"]
[White "Mukitul, Islam Ripon"]
[Black "Hasan, Eunus"]
[Result "0-1"]
[WhiteElo "1995"]
[BlackElo "2083"]
[PlyCount "70"]
[EventDate "2022.03.10"]
[EventType "team-tourn"]
[EventRounds "11"]
[EventCountry "BAN"]
[SourceTitle "EXT 2023"]
[Source "ChessBase"]
[SourceDate "2022.10.05"]
[SourceVersion "1"]
[SourceVersionDate "2022.10.05"]
[SourceQuality "1"]
[WhiteTeam "Agrani Bank Daba Dal"]
[BlackTeam "Sangbadik Shahnoor Khan"]
[WhiteTeamCountry "BAN"]
[BlackTeamCountry "BAN"]

1. e4 c5 2. Nf3 e6 3. d4 cxd4 4. Nxd4 a6 5. c4 Nf6 6. Bd3 Nc6 7. Nxc6 dxc6 8. 0-0 e5 9. Bg5 h6 10. Bh4 Bc5 11. Qc2 Qe7 12. Nc3 g5 13. Bg3 h5 14. h4 Ng4 15. hxg5 h4 16. Bh2 Qxg5 17. Qc1 Qg6 18. Be2 Nxh2 19. Kxh2 Be6 20. Nd5 0-0-0 21. b4 Rdg8 22. Rg1 Qg3+ 23. Kh1 Bxf2 24. Ne7+ Kc7 25. Nxg8 Rxg8 26. Bf3 h3 27. Qd1 Bxg1 28. Kxg1 hxg2 29. Qe2 Qh4 30. Qe1 Qh1+ 31. Kf2 g1Q+ 32. Qxg1 Qh4+ 33. Ke3 Qf4+ 34. Kf2 Qd2+ 35. Be2 Qd4+ 0-1

[Event "BAN-chT 1st League"]
[Site "Dhaka"]
[Date "2021.03.04"]
[Round "8.1"]
[White "Hasan, Eunus"]
[Black "Wajiul, Mehdi"]
[Result "0-1"]
[WhiteElo "2087"]
[BlackElo "1809"]
[PlyCount "82"]
[EventDate "2021.02.25"]
[EventType "team-tourn"]
[EventRounds "11"]
[EventCountry "BAN"]
[SourceTitle "EXT 2022"]
[Source "ChessBase"]
[SourceDate "2021.10.06"]
[SourceVersion "1"]
[SourceVersionDate "2021.10.06"]
[SourceQuality "1"]
[WhiteTeam "Mir CC"]
[BlackTeam "Dhaka Knight's CC"]
[WhiteTeamCountry "BAN"]
[BlackTeamCountry "BAN"]

1. e4 d6 2. d4 Nf6 3. Nc3 g6 4. Be2 Bg7 5. h4 h5 6. Nh3 a6 7. Ng5 b5 8. a3 Bb7 9. Bf4 Nbd7 10. e5 Nd5 11. Nxd5 Bxd5 12. Bf3 Nb6 13. Bxd5 Nxd5 14. Qf3 Nxf4 15. Qxf4 0-0 16. e6 f5 17. Nf7 Qc8 18. Qe3 Bxd4 19. Qe2 Bxb2 20. Rb1 Bc3+ 21. Kf1 c5 22. Rh3 Bf6 23. f3 Rxf7 24. exf7+ Kxf7 25. c4 bxc4 26. Qxc4+ Qe6 27. Qxe6+ Kxe6 28. g3 c4 29. Rh2 d5 30. f4 d4 31. Ke1 d3 32. Kd2 Kd5 33. Rhh1 Kd4 34. Rb4 Rd8 35. Rc1 Rc8 36. Re1 Rc6 37. Re3 Kd5 38. Re1 e5 39. fxe5 Bxe5 40. Rxe5+ Kxe5 41. Kc3 Ke4 0-1

[Event "BAN-chT 1st League"]
[Site "Dhaka"]
[Date "2021.03.02"]
[Round "6.1"]
[White "Hasan, Eunus"]
[Black "Ahmed, Feroz"]
[Result "1/2-1/2"]
[WhiteElo "2087"]
[BlackElo "1959"]
[PlyCount "113"]
[EventDate "2021.02.25"]
[EventType "team-tourn"]
[EventRounds "11"]
[EventCountry "BAN"]
[SourceTitle "EXT 2022"]
[Source "ChessBase"]
[SourceDate "2021.10.06"]
[SourceVersion "1"]
[SourceVersionDate "2021.10.06"]
[SourceQuality "1"]
[WhiteTeam "Mir CC"]
[BlackTeam "Sultana Kamal Smirity Pathagar"]
[WhiteTeamCountry "BAN"]
[BlackTeamCountry "BAN"]

1. e4 d5 2. exd5 Nf6 3. d4 Nxd5 4. c4 Nb6 5. Nf3 Bg4 6. Be2 e6 7. Be3 c6 8. Nbd2 N8d7 9. 0-0 Be7 10. Ne5 Bxe2 11. Qxe2 0-0 12. Rad1 f6 13. Nxd7 Qxd7 14. Nf3 Rae8 15. Bd2 Bd8 16. Rfe1 Bc7 17. b3 Rf7 18. Bb4 g5 19. Bc5 Nc8 20. d5 cxd5 21. Rxd5 exd5 22. Qxe8+ Kg7 23. Bf8+ Kg6 24. cxd5 Nb6 25. d6 Bxd6 26. Bxd6 Qxd6 27. Qe4+ Kg7 28. Nd4 Qe5 29. Qxe5 fxe5 30. Rxe5 Rd7 31. Rxg5+ Kf6 32. Rg4 Nd5 33. h4 Nc3 34. Nf3 Nxa2 35. Ra4 Nc1 36. Rxa7 Nxb3 37. g4 Nc5 38. Kg2 b5 39. Ra5 Rb7 40. Nd4 Ke5 41. Ne2 Kd5 42. Nc3+ Kc4 43. Rxb5 Rxb5 44. Nxb5 Kxb5 45. f4 Kc6 46. g5 Kd5 47. Kf3 Ke6 48. Kg4 Nd3 49. f5+ Kf7 50. h5 Ne5+ 51. Kf4 Nd3+ 52. Ke4 Nf2+ 53. Kf3 Nh3 54. g6+ hxg6 55. fxg6+ Kf6 56. h6 Kxg6 57. h7 1/2-1/2

[Event "BAN-chT 1st League"]
[Site "Dhaka"]
[Date "2021.02.27"]
[Round "3.1"]
[White "Rahman, Siddiqur"]
[Black "Hasan, Eunus"]
[Result "0-1"]
[WhiteElo "1979"]
[BlackElo "2087"]
[PlyCount "116"]
[EventDate "2021.02.25"]
[EventType "team-tourn"]
[EventRounds "11"]
[EventCountry "BAN"]
[SourceTitle "EXT 2022"]
[Source "ChessBase"]
[SourceDate "2021.10.06"]
[SourceVersion "1"]
[SourceVersionDate "2021.10.06"]
[SourceQuality "1"]
[WhiteTeam "Esoft Arena"]
[BlackTeam "Mir CC"]
[WhiteTeamCountry "BAN"]
[BlackTeamCountry "BAN"]

1. d4 Nf6 2. c4 e6 3. Nc3 Bb4 4. Nf3 b6 5. e3 0-0 6. Bd3 Bb7 7. 0-0 Bxc3 8. bxc3 d6 9. Re1 Nbd7 10. e4 e5 11. Bg5 Re8 12. Qc2 h6 13. Bh4 Nf8 14. Rad1 g5 15. Bg3 Ng6 16. c5 Qe7 17. Bb5 Rf8 18. c6 Bc8 19. d5 h5 20. h3 h4 21. Bh2 g4 22. hxg4 Nxg4 23. Qd2 f6 24. Kh1 Qh7 25. Ng1 Kf7 26. f3 Nxh2 27. Kxh2 Nf4 28. Ne2 Qg6 29. Nxf4 Qg3+ 30. Kg1 exf4 31. Qf2 Qg5 32. Kh2 Rh8 33. Rh1 Rg8 34. Rd2 h3 35. Kg1 Qg3 36. Qxg3 Rxg3 37. Bf1 Kg7 38. Kf2 hxg2 39. Bxg2 Ba6 40. Rh4 Rh8 41. Rxf4 Rg5 42. Rg4 Rxg4 43. fxg4 Kg6 44. Kg3 Kg5 45. Rf2 Bc8 46. Rf4 Rh2 47. Kxh2 Kxf4 48. Bh3 Bxg4 49. Bxg4 Kxg4 50. c4 Kf4 51. Kh3 Kxe4 52. Kg4 f5+ 53. Kg5 f4 54. Kf6 f3 55. Ke6 f2 56. Kd7 f1Q 57. Kxc7 Qxc4 58. Kxd6 Qxd5+ 0-1

[Event "BAN-chT"]
[Site "Dhaka"]
[Date "2017.12.16"]
[Round "8.1"]
[White "Chowdhury, Sohel"]
[Black "Hasan, Eunus"]
[Result "1/2-1/2"]
[WhiteElo "2144"]
[BlackElo "2167"]
[PlyCount "41"]
[EventDate "2017.12.09"]
[EventType "team-tourn"]
[EventRounds "11"]
[EventCountry "BAN"]
[SourceTitle "CBM 182 Extra"]
[Source "ChessBase"]
[SourceDate "2018.02.23"]
[SourceVersion "1"]
[SourceVersionDate "2018.02.23"]
[SourceQuality "1"]
[WhiteTeam "Titas CC"]
[BlackTeam "Golden Sporting"]
[WhiteTeamCountry "BAN"]
[BlackTeamCountry "BAN"]

1. e4 c5 2. Nc3 Nc6 3. g3 g6 4. Bg2 Bg7 5. d3 e6 6. Be3 d6 7. f4 Nge7 8. Nf3 0-0 9. 0-0 Rb8 10. e5 b6 11. exd6 Nf5 12. Bf2 Nxd6 13. Re1 Bb7 14. Rb1 Nd4 15. Ne4 Nxe4 16. dxe4 Nxf3+ 17. Qxf3 Qc7 18. c3 Rbd8 19. Rbd1 Rxd1 20. Rxd1 Rd8 21. Ra1 1/2-1/2

[Event "BAN-chT"]
[Site "Dhaka"]
[Date "2015.12.12"]
[Round "7.3"]
[White "Hasan, Eunus"]
[Black "Hossain, Enamul"]
[Result "0-1"]
[WhiteElo "2209"]
[BlackElo "2450"]
[PlyCount "60"]
[EventDate "2015.12.06"]
[EventType "team-tourn"]
[EventRounds "9"]
[EventCountry "BAN"]
[SourceTitle "EXT 2017"]
[Source "ChessBase"]
[SourceDate "2016.10.25"]
[SourceVersion "1"]
[SourceVersionDate "2016.10.25"]
[SourceQuality "1"]
[WhiteTeam "Titas CC"]
[BlackTeam "Bangladesh Navy"]
[WhiteTeamCountry "BAN"]
[BlackTeamCountry "BAN"]

1. e4 c5 2. Nf3 e6 3. Nc3 a6 4. d4 cxd4 5. Nxd4 Qc7 6. Be2 b5 7. 0-0 Bb7 8. Bf3 d6 9. Re1 Nd7 10. g3 Ngf6 11. Bg2 Be7 12. a3 0-0 13. h3 Rfe8 14. Kh2 Rac8 15. f4 Bf8 16. Nb3 e5 17. f5 h6 18. Qe2 Nb6 19. Na5 Ba8 20. Bd2 Qb8 21. Rac1 Be7 22. Nd1 Nc4 23. Nxc4 Rxc4 24. b3 Rxe4 25. Bxe4 Nxe4 26. Nf2 Nxd2 27. Qxd2 Bg5 28. Qe2 Qb7 29. Nd3 Bxc1 30. Rxc1 Rc8 0-1

[Event "BAN-chT"]
[Site "Dhaka"]
[Date "2015.12.08"]
[Round "3.3"]
[White "Ahmed, Mahtabuddin"]
[Black "Hasan, Eunus"]
[Result "1/2-1/2"]
[WhiteElo "2167"]
[BlackElo "2209"]
[PlyCount "26"]
[EventDate "2015.12.06"]
[EventType "team-tourn"]
[EventRounds "9"]
[EventCountry "BAN"]
[SourceTitle "EXT 2017"]
[Source "ChessBase"]
[SourceDate "2016.10.25"]
[SourceVersion "1"]
[SourceVersionDate "2016.10.25"]
[SourceQuality "1"]
[WhiteTeam "Bangladesh Navy U20"]
[BlackTeam "Titas CC"]
[WhiteTeamCountry "BAN"]
[BlackTeamCountry "BAN"]

1. c4 Nf6 2. Nc3 e6 3. d4 Bb4 4. Bd2 0-0 5. Nf3 d5 6. e3 c5 7. dxc5 Bxc5 8. Be2 Nc6 9. 0-0 b6 10. cxd5 exd5 11. Nb5 a6 12. Nbd4 Nxd4 13. exd4 Bd6 1/2-1/2